00548nam a22001817a 450000500170000001000140001702000260003103500130005703700130007008200140008310000220009724500850011926000410020427000470024530000210029250000500031370000030036320100812114028.0 aENG-99870 a9789380188003c595.00 aEN-83402 bDBAD/PUB a261.70954 aManohar, Moses P. aA new political paradigm for India:cby Moses P. Manoharba christian response / aNew DelhibPromilla Publishersc2009 bNew DelhaC-127, Sarvodaya Enclavee110017 a283p.c22cm (Hb) aIncludes bibliographical references and index